Журнал боевых действий Приморской группы войск за май-июнь 1945 г. (с приложением схем и диаграммы)

RUSMARC
00005245cbm0a2200325#x 450
001375c8c41-7d94-44a9-9f31-1615bbe4d077
00520250902140029.0
100##$a20250829d19450730k###0rusy50 ca
1010#$arus
102##$aRU
1220#$ad19450730##
2001#$aЖурнал боевых действий Приморской группы войск за май-июнь 1945 г. (с приложением схем и диаграммы)
$j30 июля 1945 г.
251##$cДокумент
300##$aПодлинники
461#0$12001
$aФ. 234
$1251
$cФонд
$1852
$j234
462#0$12001
$aОп. 3213
$1251
$cОпись
$1852
$j3213
462#0$12001
$aД. 375
$vЛ. 1-4, 4а, 5-18, 20-68
$1251
$cДело
$1852
$j375
60102$2nlr_sh
$3RU\NLR\AUTH\661533176
$aРабоче-Крестьянская Красная армия
$c1918 - 1946
$xИстория
$z1941 - 1945
$jДокументы и материалы
60102$2prlib_sh
$3LIBNET\UAF\0000114694
$aДальневосточный фронт
$jДокументы и материалы
605##$2prlib_sh
$3LIBNET\UAF\0000088514
$aВторая мировая война в архивных документах (Комплекс оцифрованных архивных документов, кино- и фотоматериалов)
$lколлекция
605##$2acquisition_Prlib
$3DITM\AF\0000002775
$aВласть
$lколлекция
605##$2acquisition_Prlib
$3DITM\AF\0000003834
$aНарод
$lколлекция
6061#$2nlr_sh
$3RU\NLR\AUTH\661312452
$aВторая мировая война
$z1939 - 1945
$xЧетвертый период
$z1944 - 1945
$jДокументы и материалы
686##$a63.3(2)622,14ю1
$2rubbk
$vLBC/M
686##$a63.3(0)62,1ю1
$2rubbk
$vLBC/M
801#0$aRU
$bПБ им. Б.Н. Ельцина
$c20250829
801#1$aRU
$bПБ им. Б.Н. Ельцина
$c20250829
$2rusmarc
801#2$aRU
$bПБ им. Б.Н. Ельцина
$c20250902
$2rusmarc
850##$aЦентральный архив Министерства обороны Российской Федерации
852##$aЦА МО РФ
$jЛ. 1-4, 4а, 5-18, 20-68
035##$aLIBNET\0001495012
937##$d198134229
$hФедеральное архивное агентство
8564#$uhttp://readingroom.main.prlib.ru/item.aspx?id_node=n198134229&mode=full
Формат отображения